[Event "Anything Goes"]
[Site "SchemingMind.com"]
[Date "2007.06.19"]
[Round "-"]
[White "egis"]
[Black "ajedrez perfecto"]
[Result "1-0"]
[WhiteCountry "LTU"]
[BlackCountry "BAH"]
[WhiteElo "2026"]
[WhiteRD "72"]
[BlackElo "1848"]
[BlackRD "73"]
[GameID "109246"]

1. d4 Nf6 2. c4 e6 3. Nf3 b6 4. e3 Bb7 5. Bd3 c5 6. O-O cxd4 7. exd4 d5 8. cxd5 Nxd5 9. Nc3 Nd7 10. Nxd5 Bxd5
11. Qa4 a6 12. Bd2 Bd6 13. Ne5 b5 14. Qc2 Rc8 15. Bc3 b4 16. Bxa6 Rc7 17. Nxd7 Qxd7 18. Qd3 bxc3 19. bxc3 O-O 20. Bb5 Qc8
21. Rfc1 Bf4 22. Rc2 Qa8 23. Qh3 Rfc8 24. Qg4 Bd6 25. a4 Rxc3 26. Rxc3 Rxc3 27. h3 Qd8 28. Rb1 Qf6 29. h4 h5 30. Qg5 Qxd4
31. Qd8+ Bf8 32. Re1 Qd2 33. Ra1
1-0

[Event "Anything Goes"]
[Site "SchemingMind.com"]
[Date "2007.06.19"]
[Round "-"]
[White "e_castle3"]
[Black "egis"]
[Result "0-1"]
[WhiteCountry "PHI"]
[BlackCountry "LTU"]
[WhiteElo "1783"]
[WhiteRD "70"]
[BlackElo "2015"]
[BlackRD "70"]
[GameID "109248"]

1. e4 c5 2. Nf3 e6 3. g3 Be7 4. Bg2 Nf6 5. d3 d5 6. exd5 Qxd5 7. O-O O-O 8. Nc3 Qf5 9. Nh4 Qg4 10. Qe1 Nc6
11. a3 a5 12. Be3 Nd4 13. Bxd4 cxd4 14. Ne4 Qh5 15. Qd2 Nxe4 16. Bxe4 Rb8 17. Ng2 b6 18. Qf4 e5 19. Qd2 Bh3 20. f4 f6
21. b4 axb4 22. axb4 Be6 23. Ra7 Bd6 24. c3 dxc3 25. Qxc3 b5 26. Ra6 Rfd8 27. Rc6 Qe8 28. Ra1 h6 29. Raa6 Rbc8 30. Qa3 Rxc6
31. Bxc6 Qe7 32. Bxb5 Bxb4 33. Qa4 Bd5 34. fxe5 fxe5 35. h4 Qc5+ 36. Kh2 Qf2
0-1

[Event "Anything Goes"]
[Site "SchemingMind.com"]
[Date "2007.06.19"]
[Round "-"]
[White "griffimv"]
[Black "egis"]
[Result "1-0"]
[WhiteCountry "INT"]
[BlackCountry "LTU"]
[WhiteElo "2401"]
[WhiteRD "81"]
[BlackElo "2005"]
[BlackRD "74"]
[GameID "109249"]

1. e4 c5 2. Nf3 g6 3. d4 Qa5+ 4. Bd2 Qc7 5. Nc3 Nf6 6. e5 Ng4 7. h3 Nh6 8. d5 Qb6 9. d6 e6 10. a4 a6
11. a5 Qc6 12. Bd3 f5 13. exf6 Nf7 14. Na4 Ra7 15. Nb6 Bxd6 16. h4 O-O 17. h5 Be5 18. hxg6 Bxf6 19. gxf7+ Rxf7 20. Ng5 Bxg5
21. Qg4 Rg7 22. Bxh7+ Kf8 23. Bxg5 Qxg2 24. Qxg2 Nc6 25. Bh6 Ke7 26. Qxg7+ Kd6 27. Bf4+ e5 28. Qf6+ Kc7 29. Bxe5+ Nxe5 30. Nd5+ Kb8
31. Qxe5+
1-0

[Event "Anything Goes"]
[Site "SchemingMind.com"]
[Date "2007.06.19"]
[Round "-"]
[White "Adunatos"]
[Black "egis"]
[Result "1-0"]
[WhiteCountry "NED"]
[BlackCountry "LTU"]
[WhiteElo "2296"]
[WhiteRD "70"]
[BlackElo "2026"]
[BlackRD "72"]
[GameID "109250"]

1. d4 Nf6 2. c4 e6 3. Nc3 Be7 4. e4 O-O 5. e5 Ne8 6. Bd3 Nc6 7. Nf3 b6 8. d5 Nb4 9. Bb1 exd5 10. a3 Nc6
11. cxd5 Na5 12. b4 Nb7 13. h4 d6 14. Nd4 Bd7 15. e6 fxe6 16. dxe6 c5 17. exd7 cxd4 18. dxe8=Q Rxe8 19. Ne2 Bf6 20. Qd3 Qc8
21. O-O g6 22. h5 Qg4 23. Nf4 Nd8 24. hxg6 hxg6 25. f3 Qg3 26. Nxg6 Ne6 27. Qf5 Bg5 28. f4 Bh4 29. Ba2 Kg7 30. Nxh4 Qxh4
31. Bxe6 Qf6 32. Bb2 Qxf5 33. Bxf5 Re2 34. Bxd4+ Kf7 35. Rf2 Rxf2 36. Kxf2 Re8 37. Rh1 Rf8 38. Rh7+ Ke8 39. g4 Rxf5 40. gxf5 a5
41. f6 Kf8 42. f7 Ke7 43. Bf6+ Kd7 44. f8=Q+ Kc6 45. Qe8+ Kd5 46. Qb5+ Ke6 47. Re7+
1-0

[Event "Anything Goes"]
[Site "SchemingMind.com"]
[Date "2007.06.19"]
[Round "-"]
[White "badbishop"]
[Black "egis"]
[Result "1-0"]
[WhiteCountry "POL"]
[BlackCountry "LTU"]
[WhiteElo "2271"]
[WhiteRD "65"]
[BlackElo "2032"]
[BlackRD "72"]
[GameID "109251"]

1. d4 Nf6 2. c4 e6 3. Nc3 Bb4 4. e3 c5 5. Ne2 cxd4 6. exd4 O-O 7. a3 Bd6 8. g3 b6 9. Bg2 Nc6 10. O-O a5
11. Nb5 Ne8 12. d5 exd5 13. cxd5 Ne7 14. Bg5 Ba6 15. Nec3 Bxb5 16. Nxb5 h6 17. Bxe7 Qxe7 18. Re1 Qf6 19. Rc1 Qxb2 20. Qd3 Bc5
21. Rc2 Qf6 22. d6 Rd8 23. Rd2 g5 24. Be4 Ng7 25. Nc7 Ne6 26. Nd5 Qg7 27. Ne7+ Kh8 28. Nf5 Qf6 29. Kg2 h5 30. h3 Rde8
31. Red1 Qe5 32. Re2 Rd8 33. Bf3 Qf6 34. Bxh5 Bxa3 35. h4 Bc5 36. hxg5 Qxg5 37. Rh1 Kg8 38. Re4 Qxf5 39. Rg4+ Qxg4 40. Bxg4 f5
41. Bxf5 Rf7 42. Bxe6 dxe6 43. Qg6+ Rg7 44. Qxe6+ Rf7 45. Rh7 Rd7 46. Rxf7 Rxf7 47. d7 Be7 48. Qxe7 Rxe7 49. d8=Q+ Kf7 50. Qxb6 a4
51. Qa6 a3 52. Qxa3 Rd7 53. f4 Kg8 54. g4 Rd2+ 55. Kg3 Rd7 56. g5 Kh7 57. f5 Rg7 58. g6+ Rxg6+ 59. fxg6+ Kxg6 60. Qf8 Kg5
61. Qf4+
1-0

[Event "Anything Goes"]
[Site "SchemingMind.com"]
[Date "2007.06.19"]
[Round "-"]
[White "ajedrez perfecto"]
[Black "egis"]
[Result "1/2-1/2"]
[WhiteCountry "BAH"]
[BlackCountry "LTU"]
[WhiteElo "1666"]
[WhiteRD "70"]
[BlackElo "2032"]
[BlackRD "72"]
[GameID "109252"]

1. e4 e5 2. Nf3 Nc6 3. d4 exd4 4. Nxd4 Bc5 5. Be3 Bxd4 6. Bxd4 Nf6 7. Nc3 O-O 8. Qd2 d5 9. Bxf6 Qxf6 10. exd5 Nd4
11. O-O-O Nf5 12. Qf4 c6 13. Bd3 a6 14. Rhe1 cxd5 15. Nxd5 Qh6 16. Qd2 Qxd2+ 17. Rxd2 Nh6 18. Re7 b5 19. c3 Bg4 20. Nc7 Ra7
21. h3 Bc8 22. Nd5 Rb7 23. a4 Rb8 24. axb5 axb5 25. b4 Rd8 26. Bxb5 Bxh3 27. gxh3 Rxb5 28. Rc7 Kf8 29. c4 Rbb8 30. b5 Nf5
31. b6 Re8 32. c5 Red8 33. b7 g6 34. c6 Kg7 35. Ne7 Nd6 36. Rxd6 Rxd6 37. Rc8 Rxc6+ 38. Nxc6 Rxb7 39. Kc2 Kf6 40. Nd4 Ra7
41. Kd3 Ra3+ 42. Rc3 Rxc3+ 43. Kxc3 Ke5 44. Kd3 Kf4 45. Ke2 g5 46. Nc2=
1/2-1/2

[Event "Anything Goes"]
[Site "SchemingMind.com"]
[Date "2007.06.18"]
[Round "-"]
[White "fourluxflakes"]
[Black "e_castle3"]
[Result "1-0"]
[WhiteCountry "ENG"]
[BlackCountry "PHI"]
[WhiteElo "1947"]
[WhiteRD "66"]
[BlackElo "1816"]
[BlackRD "68"]
[GameID "109574"]

1. e4 e5 2. Bc4 Nc6 3. Nf3 Bc5 4. O-O Nf6 5. d3 O-O 6. c3 d6 7. Nbd2 a6 8. Bb3 Be6 9. Re1 Kh8 10. Nf1 Ng4
11. Re2 Bxb3 12. axb3 f5 13. exf5 Rxf5 14. Ne3 Nxe3 15. Bxe3 Bxe3 16. Rxe3 Qe8 17. Ra4 Ne7 18. Nh4 Rh5 19. Qg4 Rh6 20. Rg3 Qf7
21. Rc4 c5 22. Qd7 b5 23. Rcg4 Qxb3 24. h3 Ng6 25. Nf5
1-0

[Event "Anything Goes"]
[Site "SchemingMind.com"]
[Date "2007.06.18"]
[Round "-"]
[White "fourluxflakes"]
[Black "griffimv"]
[Result "0-1"]
[WhiteCountry "ENG"]
[BlackCountry "INT"]
[WhiteElo "1918"]
[WhiteRD "66"]
[BlackElo "2336"]
[BlackRD "78"]
[GameID "109575"]

1. d4 Nf6 2. c4 e6 3. Nf3 b6 4. a3 Bb7 5. Nc3 d5 6. Bg5 Be7 7. e3 O-O 8. Bd3 Nbd7 9. O-O c5 10. Rc1 Rc8
11. cxd5 Nxd5 12. Bxe7 Qxe7 13. Nxd5 Bxd5 14. e4 Bb7 15. d5 exd5 16. exd5 Qd6 17. Ng5 h6 18. Bh7+ Kh8 19. Qh5 Nf6 20. Nxf7+ Rxf7
21. Qxf7 Bxd5 22. Qg6 Be4 23. Qf7 Kxh7 24. Rfd1 Bd5 25. Qb7 Qxh2+ 26. Kxh2 Bxb7 27. f3 Rc7 28. Rd2 Bd5 29. Re1 a5 30. Re5 Rd7
31. Rf5 Kg6 32. Re5 Bxf3 33. Rxd7 Nxd7 34. Re6+ Kf7 35. Rd6 Ke7 36. Rg6 Be4 37. Rxg7+ Kd6 38. Kg3 Ne5 39. Rg8 Nc4 40. Kf4 Bd5
41. Rg6+ Be6 42. Rxh6 Nxb2 43. g4 Nd3+ 44. Ke3 Ne5
0-1

[Event "Anything Goes"]
[Site "SchemingMind.com"]
[Date "2007.06.21"]
[Round "-"]
[White "fourluxflakes"]
[Black "egis"]
[Result "0-1"]
[WhiteCountry "ENG"]
[BlackCountry "LTU"]
[WhiteElo "1857"]
[WhiteRD "81"]
[BlackElo "2029"]
[BlackRD "75"]
[GameID "109576"]

1. d4 Nf6 2. c4 e6 3. Nf3 c5 4. d5 exd5 5. cxd5 Qa5+ 6. Bd2 Qb5 7. Nc3 Qb6 8. e4 d6 9. Be2 Be7 10. O-O O-O
11. Qc2 Bg4 12. Ne1 Bxe2 13. Nxe2 Qb5 14. Nc3 Qd7 15. Nd3 b6 16. f4 Nh5 17. e5 Qf5 18. Nb5 a6 19. exd6 Bf6 20. Nc7 Bd4+
21. Kh1 Ra7 22. Rae1 Rb7 23. Bc3 Qf6 24. Bxd4 cxd4 25. Qe2 Qxd6 26. Nxa6 Nxa6 27. Qxh5 Rd7 28. Re5 Nc7 29. Qf3 f6 30. Re2 Nxd5
31. Re4 Nb4 32. a3 Nc6 33. b4 Qd5 34. Qe2 f5 35. Re8 g6 36. Qe6+ Kg7 37. Re1 Qxe6 38. R8xe6 Rf6 39. b5 Nd8 40. Re7+ Rxe7
41. Rxe7+ Rf7 42. Re8 Ra7 43. Rxd8 Rxa3 44. Kg1 Rxd3 45. Rd7+ Kh6 46. Rd6 Kh5 47. Rxb6 Kg4 48. Rb7 Rb3 49. Rxh7 Rxb5 50. Rd7 Rb4
51. Kf2 Kxf4 52. h3 Rb2+ 53. Kf1 Kg3 54. Rg7 Rb6 55. Rd7 Rb1+
0-1

[Event "Anything Goes"]
[Site "SchemingMind.com"]
[Date "2007.06.17"]
[Round "-"]
[White "fourluxflakes"]
[Black "Adunatos"]
[Result "0-1"]
[WhiteCountry "ENG"]
[BlackCountry "NED"]
[WhiteElo "1931"]
[WhiteRD "68"]
[BlackElo "2283"]
[BlackRD "66"]
[GameID "109577"]

1. d4 Nf6 2. c4 e6 3. Nf3 c5 4. d5 exd5 5. cxd5 d6 6. Nc3 g6 7. e4 Bg7 8. Be2 O-O 9. O-O Re8 10. Nd2 a6
11. a4 Nbd7 12. f4 Qe7 13. Bf3 Rb8 14. a5 b5 15. axb6 Nxb6 16. Re1 Nfxd5 17. Nxd5 Nxd5 18. Nc4 Bd4+ 19. Kh1 Nb4 20. Be3 Be6
21. Bxd4 Bxc4 22. b3 Bxb3 23. Qxb3 Nc6 24. Qd3 Nxd4 25. Rxa6 Rb3 26. Qf1 d5 27. e5 Nxf3 28. gxf3 Qh4 29. f5 Rb2 30. Re2 Qc4
0-1

[Event "Anything Goes"]
[Site "SchemingMind.com"]
[Date "2007.06.17"]
[Round "-"]
[White "fourluxflakes"]
[Black "badbishop"]
[Result "0-1"]
[WhiteCountry "ENG"]
[BlackCountry "POL"]
[WhiteElo "1967"]
[WhiteRD "68"]
[BlackElo "2228"]
[BlackRD "75"]
[GameID "109578"]

1. d4 Nf6 2. c4 g6 3. Nc3 Bg7 4. e4 d6 5. Nf3 O-O 6. Be2 Nbd7 7. O-O e5 8. d5 Nc5 9. Nd2 a5 10. f3 Nh5
11. Nb3 Nxb3 12. axb3 Nf4 13. Be3 f5 14. c5 Qg5 15. Bxf4 Qxf4 16. cxd6 cxd6 17. Nb5 Ra6 18. Nc7 Rb6 19. Qd3 Bh6 20. Nb5 Bd7
21. Rxa5 Qe3+ 22. Qxe3 Bxe3+ 23. Kh1 Bd2 24. Nc3 Rxb3 25. Nd1 Bxa5
0-1

[Event "Anything Goes"]
[Site "SchemingMind.com"]
[Date "2007.06.17"]
[Round "-"]
[White "fourluxflakes"]
[Black "ajedrez perfecto"]
[Result "0-1"]
[WhiteCountry "ENG"]
[BlackCountry "BAH"]
[WhiteElo "1967"]
[WhiteRD "68"]
[BlackElo "2212"]
[BlackRD "87"]
[GameID "109579"]

1. d4 Nf6 2. c4 e6 3. Nf3 b6 4. Nc3 Bb4 5. Qb3 Ba5 6. Bg5 Bb7 7. e3 d6 8. Be2 h6 9. Bh4 g5 10. Bg3 Ne4
11. O-O-O Bxc3 12. bxc3 Nd7 13. Bd3 h5 14. h4 g4 15. Ne1 Nxg3 16. fxg3 f5 17. c5 Qe7 18. Bc4 d5 19. Bb5 c6 20. Bd3 Nf6
21. c4 bxc5 22. cxd5 cxd5 23. Bb5+ Kf8 24. Nd3 c4
0-1

[Event "Anything Goes"]
[Site "SchemingMind.com"]
[Date "2007.06.18"]
[Round "-"]
[White "e_castle3"]
[Black "fourluxflakes"]
[Result "0-1"]
[WhiteCountry "PHI"]
[BlackCountry "ENG"]
[WhiteElo "1816"]
[WhiteRD "68"]
[BlackElo "1947"]
[BlackRD "66"]
[GameID "109581"]

1. f4 e5 2. fxe5 d6 3. Nf3 dxe5 4. Nc3 Nc6 5. e3 Nf6 6. Bb5 Bd6 7. Bxc6+ bxc6 8. d3 O-O 9. O-O Bg4 10. Qe1 Rb8
11. Rb1 Qe7 12. Bd2 e4 13. Nd4 Bd7 14. Qh4 exd3 15. cxd3 Bc5 16. a3 Nd5 17. Qxe7 Nxe7 18. Nf3 Bf5 19. Ne1 Rfd8 20. b4 Bb6
21. Rb2 Bxd3 22. Nxd3 Rxd3 23. Kf2 Nf5 24. Nd1 Rxa3 25. Ke2 Nd6 26. Rc2 Ne4 27. Rxc6 Ra2
0-1

[Event "Anything Goes"]
[Site "SchemingMind.com"]
[Date "2007.06.18"]
[Round "-"]
[White "griffimv"]
[Black "fourluxflakes"]
[Result "1-0"]
[WhiteCountry "INT"]
[BlackCountry "ENG"]
[WhiteElo "2401"]
[WhiteRD "81"]
[BlackElo "1952"]
[BlackRD "72"]
[GameID "109582"]

1. e4 c5 2. Nf3 d6 3. d4 cxd4 4. Nxd4 Nf6 5. Nc3 a6 6. Be3 Nc6 7. f3 e6 8. Qd2 Be7 9. O-O-O O-O 10. g4 Nxd4
11. Bxd4 b5 12. g5 Nd7 13. h4 b4 14. Na4 Qa5 15. b3 Nc5 16. a3 Nxa4 17. axb4 Qc7 18. bxa4 Bd7 19. a5 Rfc8 20. Bb6 Qc6
21. Kb2 Qa4 22. Bd3 Qc6 23. f4 d5 24. exd5 exd5 25. Rde1 Bd6 26. h5 Rab8 27. g6 fxg6 28. hxg6 Rxb6 29. axb6 Qxb6 30. Bc4
1-0

[Event "Anything Goes"]
[Site "SchemingMind.com"]
[Date "2007.06.21"]
[Round "-"]
[White "egis"]
[Black "fourluxflakes"]
[Result "1-0"]
[WhiteCountry "LTU"]
[BlackCountry "ENG"]
[WhiteElo "1998"]
[WhiteRD "75"]
[BlackElo "1967"]
[BlackRD "68"]
[GameID "109583"]

1. c4 e5 2. Nf3 Nc6 3. Nc3 Bb4 4. Nd5 Ba5 5. Qa4 e4 6. Nd4 Nxd4 7. Qxa5 Nc2+ 8. Kd1 b6 9. Qc3 Nxa1 10. Qxg7 c6
11. Qxh8 cxd5 12. Qxg8+ Ke7 13. Qg5+ Ke8 14. Qxd5 Ba6 15. Qxe4+ Kf8 16. d3 Rc8 17. Bh6+
1-0

[Event "Anything Goes"]
[Site "SchemingMind.com"]
[Date "2007.06.17"]
[Round "-"]
[White "Adunatos"]
[Black "fourluxflakes"]
[Result "1-0"]
[WhiteCountry "NED"]
[BlackCountry "ENG"]
[WhiteElo "2283"]
[WhiteRD "66"]
[BlackElo "1931"]
[BlackRD "68"]
[GameID "109584"]

1. d4 Nf6 2. Bg5 Ne4 3. Bf4 c5 4. d5 d6 5. f3 Nf6 6. e4 g6 7. Nc3 Bg7 8. Bc4 O-O 9. Nge2 Nbd7 10. O-O Nb6
11. Qd3 Nxc4 12. Qxc4 a6 13. a4 b6 14. Rad1 Nh5 15. Bd2 b5 16. Qa2 b4 17. Nb1 a5 18. Rfe1 f5 19. exf5 Bxf5 20. Qc4 Bd7
21. b3 Kh8 22. Bg5 Bf6 23. Bxf6+ Rxf6 24. Nd2 Bc8 25. Qh4 Ng7 26. g4 Rf8 27. Ne4 e5 28. Ng5
1-0

[Event "Anything Goes"]
[Site "SchemingMind.com"]
[Date "2007.06.17"]
[Round "-"]
[White "badbishop"]
[Black "fourluxflakes"]
[Result "1-0"]
[WhiteCountry "POL"]
[BlackCountry "ENG"]
[WhiteElo "2246"]
[WhiteRD "70"]
[BlackElo "1918"]
[BlackRD "66"]
[GameID "109585"]

1. d4 Nf6 2. c4 g6 3. Nc3 Bg7 4. e4 d6 5. Be2 O-O 6. Bg5 Nbd7 7. Qd2 c5 8. d5 a6 9. a4 b6 10. Nf3 Rb8
11. O-O Ne5 12. Nxe5 dxe5 13. Bxf6 Bxf6 14. Rad1 Qd6 15. h3 Bg7 16. Bg4 f5 17. Bf3 Bd7 18. Qd3 Bh6 19. Rfe1 Rbd8 20. Qe2 Bg7
21. Kh2 Qb8 22. Rg1 Bh6 23. Rd3 b5 24. axb5 axb5 25. Nxb5 Bxb5 26. Rb3 Bxc4 27. Qxc4 Qd6 28. Rb5 Rc8 29. Ra5 Kh8 30. Ra6 Qb8
31. exf5 Qxb2 32. Ra2 Qd4 33. Qxd4 exd4 34. fxg6 hxg6 35. Rd1 Ra8 36. Rxa8 Rxa8 37. d6 Ra7 38. dxe7 Rxe7 39. Bd5 Re2 40. Kg3 Kg7
41. Rb1 Rc2 42. Rb7+ Kf6 43. f4 d3 44. Rf7#
1-0

[Event "Anything Goes"]
[Site "SchemingMind.com"]
[Date "2007.06.18"]
[Round "-"]
[White "ajedrez perfecto"]
[Black "fourluxflakes"]
[Result "1-0"]
[WhiteCountry "BAH"]
[BlackCountry "ENG"]
[WhiteElo "2188"]
[WhiteRD "88"]
[BlackElo "1947"]
[BlackRD "66"]
[GameID "109586"]

1. e4 c5 2. c3 d5 3. exd5 Qxd5 4. d4 Nf6 5. Na3 cxd4 6. Nb5 Na6 7. Qxd4 e5 8. Qxd5 Nxd5 9. Nf3 f6 10. Nd2 Nac7
11. Ne4 Be6 12. Nbd6+ Bxd6 13. Nxd6+ Ke7 14. Nxb7 Rab8 15. Na5 Rb6 16. a3 Rc8 17. c4 Nf4 18. c5 Rb5 19. Nc6+ Kd7 20. Nxa7
1-0

[Event "Anything Goes"]
[Site "SchemingMind.com"]
[Date "2007.06.19"]
[Round "-"]
[White "1tamad"]
[Black "Louis Lima"]
[Result "1/2-1/2"]
[WhiteCountry "USA"]
[BlackCountry "ESP"]
[WhiteElo "1876"]
[WhiteRD "90"]
[BlackElo "1709"]
[BlackRD "63"]
[GameID "109809"]

1. d4 Nf6 2. e3 e6 3. Bd3 c5 4. c3 d5 5. Nd2 Be7 6. f4 O-O 7. Ngf3 Nc6 8. Ne5 cxd4 9. exd4 Re8 10. O-O g6
11. Rf3 Bf8 12. Rh3 Bg7 13. Qf3 Ne7 14. Nf1 Nd7 15. Ne3 Nxe5 16. fxe5 Nf5 17. Nxf5 exf5 18. Qg3 f4 19. Bxf4 Bxh3 20. Qxh3 a6
21. Rf1=
1/2-1/2

[Event "Anything Goes"]
[Site "SchemingMind.com"]
[Date "2007.06.19"]
[Round "-"]
[White "1tamad"]
[Black "e_castle3"]
[Result "1-0"]
[WhiteCountry "USA"]
[BlackCountry "PHI"]
[WhiteElo "1853"]
[WhiteRD "84"]
[BlackElo "1861"]
[BlackRD "72"]
[GameID "109810"]

1. d4 f5 2. Nc3 Nf6 3. Bg5 e6 4. e4 h6 5. Bxf6 Qxf6 6. e5 Qg6 7. Nh3 Bb4 8. Nf4 Qf7 9. Be2 O-O 10. Bh5 g6
11. Bxg6 Qg7 12. Qf3 Nc6 13. O-O-O Ne7 14. Bh5 d6 15. Nb5 dxe5 16. Nxc7 exf4 17. Nxa8 Nd5 18. a3 Bd6 19. g4 Kh8 20. Rhg1 Qd7
21. g5 b6 22. g6 Kg7 23. c4 Qc6 24. Kb1 Qxc4 25. Ka1 Bb7 26. Rge1 Nb4 27. Qxb7+
1-0

[Event "Anything Goes"]
[Site "SchemingMind.com"]
[Date "2007.06.19"]
[Round "-"]
[White "1tamad"]
[Black "griffimv"]
[Result "0-1"]
[WhiteCountry "USA"]
[BlackCountry "INT"]
[WhiteElo "1876"]
[WhiteRD "90"]
[BlackElo "2317"]
[BlackRD "79"]
[GameID "109811"]

1. d4 Nf6 2. e3 g6 3. Bd3 Bg7 4. Nf3 d5 5. Nbd2 O-O 6. O-O c5 7. c3 Nbd7 8. Qe2 Re8 9. e4 e5 10. dxc5 Nxc5
11. Bc2 Ncxe4 12. Nxe4 Nxe4 13. Bxe4 dxe4 14. Qxe4 Qd6 15. Bg5 Qb6 16. Rab1 Bf5 17. Qh4 Bxb1 18. Rxb1 e4 19. Nd4 Bxd4 20. cxd4 Rac8
21. g4 Qxd4 22. Bf6 Qb6 23. g5 Rc2 24. Rf1 e3 25. Qh6 exf2+ 26. Kg2 Qc6+ 27. Kg3 Re3+
0-1

[Event "Anything Goes"]
[Site "SchemingMind.com"]
[Date "2007.06.23"]
[Round "-"]
[White "1tamad"]
[Black "fourluxflakes"]
[Result "0-1"]
[WhiteCountry "USA"]
[BlackCountry "ENG"]
[WhiteElo "1853"]
[WhiteRD "84"]
[BlackElo "1960"]
[BlackRD "67"]
[GameID "109812"]

1. d4 Nf6 2. e3 d5 3. Bd3 g6 4. Nf3 Bg7 5. O-O O-O 6. c4 dxc4 7. Bxc4 c6 8. Ng5 Bf5 9. Nc3 h6 10. Nxf7 Rxf7
11. Qb3 e6 12. e4 b5 13. Bxe6 Bxe6 14. Qxe6 Qd7 15. Qb3 Kh7 16. e5 Nd5 17. Ne4 Qg4 18. Nd6 Rf8 19. h3 Qxd4
0-1

[Event "Anything Goes"]
[Site "SchemingMind.com"]
[Date "2007.06.23"]
[Round "-"]
[White "1tamad"]
[Black "egis"]
[Result "1/2-1/2"]
[WhiteCountry "USA"]
[BlackCountry "LTU"]
[WhiteElo "1766"]
[WhiteRD "73"]
[BlackElo "2005"]
[BlackRD "74"]
[GameID "109813"]

1. d4 Nf6 2. e3 e6 3. Bd3 d5 4. Nd2 c5 5. c3 c4 6. Bc2 Bd6 7. f4 O-O 8. Ngf3 Nc6 9. O-O b5 10. Ne5 Bxe5
11. fxe5 Nd7 12. Rf3 a5 13. Rh3 g6 14. Qg4 a4 15. a3 Bb7 16. Qf4 Qe7 17. Nf3 f6 18. exf6 Nxf6 19. Qg5 Nd8 20. Bd2 Nf7
21. Qg3 Ne4 22. Bxe4 dxe4 23. Ne5 Nxe5 24. Qxe5 Rf5 25. Qg3 Kg7 26. Be1 h5 27. Qh4 Qxh4 28. Bxh4 Kh6 29. Be7 Re8 30. Bd6 Rd5
31. Be5=
1/2-1/2

[Event "Anything Goes"]
[Site "SchemingMind.com"]
[Date "2007.06.19"]
[Round "-"]
[White "1tamad"]
[Black "Adunatos"]
[Result "0-1"]
[WhiteCountry "USA"]
[BlackCountry "NED"]
[WhiteElo "1794"]
[WhiteRD "86"]
[BlackElo "2256"]
[BlackRD "61"]
[GameID "109814"]

1. d4 d5 2. e3 Nf6 3. Bd3 e6 4. Nd2 c5 5. c3 b6 6. Ngf3 Nc6 7. O-O Bb7 8. Qe2 Be7 9. Ng5 O-O 10. f4 Rc8
11. Rf3 h6 12. Rh3 cxd4 13. exd4 Bd6 14. Ndf3 Re8 15. Ne5 Rc7 16. Nexf7 Rxf7 17. Nxf7 Kxf7 18. Bd2 Ne7 19. Re1 Ne4 20. Bxe4 dxe4
21. Qh5+ Kg8 22. g4 Nd5 23. g5 Nxf4 24. Bxf4 Bxf4 25. gxh6 Bxh6 26. Rg3 Bf4 27. Rg4 Rf8 28. Qg6 Qe7 29. h4 e5 30. h5 Rf6
0-1

[Event "Anything Goes"]
[Site "SchemingMind.com"]
[Date "2007.06.19"]
[Round "-"]
[White "1tamad"]
[Black "badbishop"]
[Result "0-1"]
[WhiteCountry "USA"]
[BlackCountry "POL"]
[WhiteElo "1794"]
[WhiteRD "86"]
[BlackElo "2228"]
[BlackRD "75"]
[GameID "109815"]

1. d4 Nf6 2. e3 g6 3. Bd3 Bg7 4. Nf3 d6 5. O-O O-O 6. c3 Nc6 7. e4 e5 8. d5 Ne7 9. Bg5 Nh5 10. Nbd2 h6
11. Be3 f5 12. exf5 Nxf5 13. Ne4 Nh4 14. Ne1 Nf4 15. Bc2 Qd7 16. Kh1 Qb5 17. Nd3 Nhxg2 18. a4 Qd7 19. Nxf4 Nxf4 20. Rg1 Qf7
21. c4 Bf5 22. Bxf4 exf4 23. Ra2 Rae8 24. f3 Qe7 25. b4 Qh4 26. Bd3 Bd4 27. Rgg2 Kh7 28. Rae2 Be3 29. Nf2 Qh5 30. Bxf5 Qxf5
31. Ng4 h5 32. Nf2 Bxf2 33. Rexf2 Re3 34. c5 Rd3 35. Rd2 Rxd2 36. Qxd2 Re8 37. Re2 Re5 38. Rxe5 Qxe5 39. Kg2 Kg7 40. h3 Kf6
41. Qa2 Qg5+ 42. Kh2= Qg3+ 43. Kh1 Qxh3+
0-1

[Event "Anything Goes"]
[Site "SchemingMind.com"]
[Date "2007.06.24"]
[Round "-"]
[White "1tamad"]
[Black "ajedrez perfecto"]
[Result "0-1"]
[WhiteCountry "USA"]
[BlackCountry "BAH"]
[WhiteElo "1853"]
[WhiteRD "84"]
[BlackElo "2162"]
[BlackRD "96"]
[GameID "109816"]

1. d4 Nf6 2. e3 d5 3. Bd3 c5 4. c3 Nbd7 5. f4 Ne4 6. Nd2 f5 7. Ngf3 e6 8. O-O Be7 9. Ne5 O-O 10. Rf3 Nxe5
11. fxe5 Bd7 12. Rh3 Be8 13. Nf3 g5
0-1

[Event "Anything Goes"]
[Site "SchemingMind.com"]
[Date "2007.06.19"]
[Round "-"]
[White "Louis Lima"]
[Black "1tamad"]
[Result "0-1"]
[WhiteCountry "ESP"]
[BlackCountry "USA"]
[WhiteElo "1709"]
[WhiteRD "63"]
[BlackElo "1876"]
[BlackRD "90"]
[GameID "109817"]

1. e4 e6 2. d4 d5 3. Nc3 Bb4 4. e5 a6 5. Qg4 g6 6. Bg5 Qd7 7. h4 Bxc3+ 8. bxc3 Qa4 9. Bd3 Nc6 10. h5 Nxe5
11. hxg6 fxg6 12. Qh4 Nxd3+ 13. cxd3 Qc2 14. Nf3 Qxd3 15. Rd1 Qxc3+ 16. Kf1 Bd7
0-1

[Event "Anything Goes"]
[Site "SchemingMind.com"]
[Date "2007.06.20"]
[Round "-"]
[White "e_castle3"]
[Black "1tamad"]
[Result "1-0"]
[WhiteCountry "PHI"]
[BlackCountry "USA"]
[WhiteElo "1861"]
[WhiteRD "72"]
[BlackElo "1853"]
[BlackRD "84"]
[GameID "109818"]

1. Nf3 Nf6 2. g3 g6 3. Bg2 Bg7 4. O-O O-O 5. d4 c6 6. Re1 d5 7. Bg5 Bg4 8. h3 Bf5 9. Nbd2 Qc8 10. g4 Be6
11. c3 Nbd7 12. Bh4 Re8 13. Ng5 Nf8 14. e4 dxe4 15. Ndxe4 Nxe4 16. Nxe4 Bd5 17. Qc2 b5 18. Rad1 e5 19. Nd6 Qd7 20. Nxe8 Rxe8
21. dxe5 Bxe5 22. Bxd5 cxd5 23. Qb3 d4 24. cxd4 Bg7 25. Rxe8 Qxe8 26. d5 a6 27. d6 Nd7 28. Kf1 Qc8 29. Re1 Be5 30. Qd5 Bxb2
31. Re7 Ne5 32. d7 Qc1+ 33. Kg2
1-0

[Event "Anything Goes"]
[Site "SchemingMind.com"]
[Date "2007.06.19"]
[Round "-"]
[White "griffimv"]
[Black "1tamad"]
[Result "1-0"]
[WhiteCountry "INT"]
[BlackCountry "USA"]
[WhiteElo "2317"]
[WhiteRD "79"]
[BlackElo "1876"]
[BlackRD "90"]
[GameID "109819"]

1. e4 e6 2. d4 d5 3. Nc3 Bb4 4. e5 a6 5. Qg4 g6 6. Bg5 Qd7 7. h4 Qa4 8. Bd3 Bxc3+ 9. bxc3 Nc6 10. Nf3 h6
11. Bd2 Bd7 12. Qf4 Na5 13. O-O Nc4 14. Rfb1 Nxd2 15. Nxd2 Bc6 16. Rb4 Qa3 17. Nb1 Qa5 18. a4 b5 19. Nd2 bxa4 20. Nb3
1-0

[Event "Anything Goes"]
[Site "SchemingMind.com"]
[Date "2007.06.19"]
[Round "-"]
[White "fourluxflakes"]
[Black "1tamad"]
[Result "1-0"]
[WhiteCountry "ENG"]
[BlackCountry "USA"]
[WhiteElo "1960"]
[WhiteRD "67"]
[BlackElo "1853"]
[BlackRD "84"]
[GameID "109820"]

1. d4 d5 2. c4 e6 3. Nf3 c6 4. Nc3 f5 5. Bg5 Nf6 6. e3 Bd6 7. Be2 Nbd7 8. O-O O-O 9. Rc1 Qe8 10. cxd5 exd5
11. Bh4 Ne4 12. Nd2 Ndf6 13. Ndxe4 fxe4 14. Bg3 Qd8 15. a3 Be6 16. b4 a6 17. Na4 h5 18. Bxh5 Nxh5 19. Qxh5 Bf7 20. Qg4 b5
21. Nc5 Be7 22. Ne6
1-0